[Event "GER-chT North U12"]
[Site "Magdeburg"]
[Date "2014.09.13"]
[Round "6.1"]
[White "Holinka, Henning"]
[Black "Stimatz, Ravi"]
[Result "1-0"]
[WhiteElo "1754"]
[BlackElo "1196"]
[PlyCount "63"]
[EventDate "2014.09.11"]
[EventType "team-swiss"]
[EventRounds "7"]
[EventCountry "GER"]
[SourceTitle "EXT 2016"]
[Source "ChessBase"]
[SourceDate "2015.10.08"]
[SourceVersion "1"]
[SourceVersionDate "2015.10.08"]
[SourceQuality "1"]
[WhiteTeam "Hamburg"]
[BlackTeam "Bremen West"]
[WhiteTeamCountry "GER"]
[BlackTeamCountry "GER"]

1. e4 e6 2. d4 d5 3. e5 c5 4. c3 Nc6 5. g3 g6 6. Ne2 Qb6 7. Bh3 c4 8. f4 Bg7 9. 0-0 Nge7 10. g4 Bd7 11. Nd2 0-0-0 12. b3 Na5 13. Ba3 Rhe8 14. Bc5 Qc6 15. Bg2 Kb8 16. bxc4 b6 17. Bd6+ Ka8 18. c5 Nb7 19. Nb3 Nc8 20. a4 Ncxd6 21. cxd6 Rc8 22. Qc2 b5 23. axb5 Qxb5 24. Rfb1 Qc4 25. Bf1 Qc6 26. g5 Rb8 27. Bg2 h6 28. h4 h5 29. Nd2 Rec8 30. Qa2 Na5 31. Qxa5 Rb7 32. c4 1-0

[Event "GER-chT North U12"]
[Site "Magdeburg"]
[Date "2014.09.11"]
[Round "1.1"]
[White "Pfreundt, Mathis"]
[Black "Stimatz, Ravi"]
[Result "1-0"]
[WhiteElo "1725"]
[BlackElo "1196"]
[PlyCount "73"]
[EventDate "2014.09.11"]
[EventType "team-swiss"]
[EventRounds "7"]
[EventCountry "GER"]
[SourceTitle "EXT 2016"]
[Source "ChessBase"]
[SourceDate "2015.10.08"]
[SourceVersion "1"]
[SourceVersionDate "2015.10.08"]
[SourceQuality "1"]
[WhiteTeam "Hamburg Koenigsspringer"]
[BlackTeam "Bremen West"]
[WhiteTeamCountry "GER"]
[BlackTeamCountry "GER"]

1. e4 c5 2. Nf3 d6 3. d4 cxd4 4. Nxd4 Nf6 5. Nc3 g6 6. f3 a6 7. Be3 Nbd7 8. Be2 Bg7 9. 0-0 0-0 10. Qd2 b5 11. Nc6 Qe8 12. Nd5 Kh8 13. Nc7 Bb7 14. Nxe8 Rfxe8 15. Nb4 a5 16. Nd5 Nxd5 17. exd5 b4 18. Bb5 Red8 19. Bxd7 Rxd7 20. Bd4 Bxd4+ 21. Qxd4+ f6 22. c4 bxc3 23. bxc3 Kg7 24. Rfc1 Rc7 25. Rab1 Ba6 26. Qb6 Rcc8 27. Qe3 Rc7 28. Rb6 Bc4 29. Rc6 Rac8 30. Rb1 Bxa2 31. Rb7 Rxb7 32. Rxc8 Bxd5 33. c4 Bf7 34. Qa3 Rb4 35. Qxa5 Rxc4 36. Rxc4 Bxc4 37. Qc7 1-0

[Event "GER-chT North U12"]
[Site "Magdeburg"]
[Date "2014.09.11"]
[Round "2.1"]
[White "Stimatz, Ravi"]
[Black "Buller, Ian Joshua"]
[Result "1/2-1/2"]
[WhiteElo "1196"]
[BlackElo "1330"]
[PlyCount "49"]
[EventDate "2014.09.11"]
[EventType "team-swiss"]
[EventRounds "7"]
[EventCountry "GER"]
[SourceTitle "EXT 2016"]
[Source "ChessBase"]
[SourceDate "2015.10.08"]
[SourceVersion "1"]
[SourceVersionDate "2015.10.08"]
[SourceQuality "1"]
[WhiteTeam "Bremen West"]
[BlackTeam "Ruedersdorf"]
[WhiteTeamCountry "GER"]
[BlackTeamCountry "GER"]

1. e4 c5 2. Nf3 d6 3. d4 cxd4 4. Nxd4 Nf6 5. Nc3 a6 6. Be3 Nc6 7. Nxc6 bxc6 8. Bd3 e6 9. 0-0 Be7 10. Qd2 0-0 11. Rad1 Bb7 12. f3 Qc7 13. Qf2 c5 14. b3 Rac8 15. Qe2 Ra8 16. Rfe1 Rfe8 17. a4 d5 18. Nb1 dxe4 19. fxe4 Nxe4 20. Bxe4 Bxe4 21. Bf4 Qxf4 22. Qxe4 Qxe4 23. Rxe4 Red8 24. Rde1 Bf6 25. c4 1/2-1/2

[Event "GER-chT North U12"]
[Site "Magdeburg"]
[Date "2013.09.12"]
[Round "1.4"]
[White "Palzer, Luca"]
[Black "Stimatz, Ravi"]
[Result "1-0"]
[WhiteElo "842"]
[BlackElo "1118"]
[PlyCount "69"]
[EventDate "2013.09.12"]
[EventType "team-swiss"]
[EventRounds "7"]
[EventCountry "GER"]
[SourceTitle "EXT 2014"]
[Source "ChessBase"]
[SourceDate "2013.11.20"]
[SourceVersion "1"]
[SourceVersionDate "2013.11.20"]
[SourceQuality "1"]
[WhiteTeam "Hamburg Eppendorf"]
[BlackTeam "Bremen West"]
[WhiteTeamCountry "GER"]
[BlackTeamCountry "GER"]

1. e4 e6 2. d4 d5 3. e5 c5 4. c3 Nc6 5. Nf3 cxd4 6. cxd4 Bb4+ 7. Bd2 Bxd2+ 8. Qxd2 Nge7 9. Nc3 0-0 10. Bb5 Bd7 11. Qc2 Nf5 12. 0-0-0 Qb6 13. Bxc6 Bxc6 14. Ng5 h6 15. Nf3 Rfd8 16. Kb1 Rac8 17. g4 Ne7 18. Rc1 Qa6 19. g5 Bb5 20. Ka1 Bd3 21. Qd2 hxg5 22. Nxg5 Kf8 23. Rcd1 Bc4 24. a3 Qb6 25. Rhg1 g6 26. h4 Ke8 27. Nh7 Kd7 28. Qg5 Qb3 29. Qf6 Rc6 30. Qxf7 Rb6 31. Rd2 Bd3 32. Nf6+ Kc8 33. Qxe7 Bc4 34. Ne8 Rb5 35. Qc7# 1-0